00413 a2200157 4500020001500000040001300015082001500028082001500043100002100058245005800079250001100137260004200148300003200190650002500222655000800247 a0394584430 aDLCbDLC a303.490905 a303.4909051 aKennedy, Paul M.00aPreparing for the twenty-first century cPaul Kennedy a1. ed. aNew York, N.Y. :bRandom House,c1993 axvi, 428 s. :bdiagr., tab. 0aTwenty-first century 4aBok